الشبكات والإنترنت في ويندوز اكس بي : (رقم التسجيلة. 55308)

تفاصيل مارك
000 -الفاتح
عناصر البيانات ثابتة الطول 00918cam a2200205 i 4500
005 - تاريخ ووقت آخر معاملة
حقل ضبط 20251108171041.0
008 - عناصر البيانات ثابتة الطول
عناصر البيانات ثابتة الطول 250721s2002 ua gr 000 0 ara d
020 ## - الترقيم الدولي المعياري للكتب (ردمك)
الترقيم الدولي المعياري للكتب (ردمك) 9772715635
082 14 - رقم تصنيف ديوي العشري
رقم التصنيف 004.6
رقم المادة ب س ي
100 1# - مدخل رئيسي – اسم شخصي
الاسم الشخصي بسيوني، عبد الحميد
علاقة الشخص بالعمل/ دوره مؤلف.
245 12 - بيان العنوان
العنوان الشبكات والإنترنت في ويندوز اكس بي :
بقية العنوان تركيب وتشغيل الشبكات والاتصالات، شبكة الإنترنت وتطبيقاتها وتشغيلها، إصلاح الأعطال والتغلب على المشكلات /
بيان المسؤولية تأليف مهندس عبد الحميد بسيوني.
264 1# - بيانات النشر، التوزيع…إلخ
مكان النشر، التوزيع...إلخ القاهرة :
اسم الناشر، الموزع...إلخ مكتبة ابن سينا،
تاريخ النشر، التوزيع...إلخ 2002.
300 ## - الوصف المادي
عدد الوحدات المكونة للوعاء 253 صفحة.
650 17 - مدخل إضافي بالموضوع - مصطلح موضوعي
مصطلح موضوعي أو اسم جغرافي كعنصر مدخل تطبيقات الحاسوب.
650 17 - مدخل إضافي بالموضوع - مصطلح موضوعي
مصطلح موضوعي أو اسم جغرافي كعنصر مدخل شبكات الحواسيب.
650 17 - مدخل إضافي بالموضوع - مصطلح موضوعي
مصطلح موضوعي أو اسم جغرافي كعنصر مدخل الإنترنت.
650 17 - مدخل إضافي بالموضوع - مصطلح موضوعي
مصطلح موضوعي أو اسم جغرافي كعنصر مدخل ويندوز.
942 ## - بيانات إضافية (كوها)
نوع التنصيف Dewey Decimal Classification
نوع المادة (كوها) كتب
المقتنيات
حالة السحب حالة الفقدان مصدر التصنيف حالة التلف غير قابل للإعارة المكتبة الرئيسية المكتبة الحالية موقع الرف تاريخ التزويد الرقم المتسلسل Total Checkouts رقم الإستدعاء الباركود تاريخ آخر ظهور تاريخ الفاتورة نوع المادة (كوها)
    Dewey Decimal Classification     المكتبة المركزية المكتبة المركزية الإعارة 06/07/2004 545561   004.6/بسي 545561 28/07/2025 06/07/2004 كتب
    Dewey Decimal Classification     المكتبة المركزية المكتبة المركزية الإعارة 28/07/2025 545560   004.6 / ب س ي 545560 28/07/2025 28/07/2025 كتب
    Dewey Decimal Classification     مكتبة صويلح العامة مكتبة صويلح العامة الإعارة 06/07/2004 545564   004.6/بسي 545564 28/07/2025 06/07/2004 كتب
Implemented & Customized by: BBB with SCIT (Smart Chains for Information Technology)

Powered by Koha